000 00409nam a2200181Ia 4500
008 240510s9999 xx 000 0 und d
041 _aEng
082 _a519.23
082 _bS34
100 _aSILVEY, S.D.
245 0 _aStatistical inference
260 _bMiddlesex , Penguin
260 _c1970
300 _a192 p.
650 _aStatistics : Statistical inference
942 _2ddc
942 _cLBK
999 _c23627
_d23627
945 _a1
_bMadushi Gamage
_c1
_dMadushi Gamage